000
00355 a2200157 4500
999
_c
12943
_d
12943
003
OSt
005
20240802162034.0
008
240802b ||||| |||| 00| 0 eng d
020
_a
9783899552539
082
_a
760
100
_a
A. Mollard
245
_a
Regular: Graphic Design Today
260
_b
Gestalten
_c
2009
300
_a
287p;
942
_2
ddc